| 000 | 00556nam a22001217a 4500 | ||
|---|---|---|---|
| 040 | _cRUA | ||
| 082 | _aAVM CHH 2011 B099 Or.1 | ||
| 100 | _aCHHEUN, RATHA. | ||
| 245 | _aSurvey foot and moth disease in cattle at ourdong district kompong speu province, ការអង្កេតពីជំងឺអុតក្តាមគោនៅស្រុកឧដុង្គ ខេត្ដកំពង់ស្ពឺ | ||
| 260 |
_aPhnom Penh _bRUA _c2011 |
||
| 856 | _uhttps://drive.google.com/file/d/1yb8J8rp52C5NrffFYNrP-ziOebtfxbN_/view?usp=sharing | ||
| 942 | _cAVM | ||
| 999 |
_c2483 _d2483 |
||